Biblioteca ESET

Ciencias sociales en construcción / (Registro nro. 896)

Detalles MARC
000 -CABECERA
fixed length control field 00919nam a2200265 4500
003 - CONTROL NUMBER IDENTIFIER
control field AR-BeUNQ
005 - FECHA Y HORA DE LA ULTIMA TRANSACCION
control field 20231012120604.0
008 - ELEMENTOS DE LONGITUD FIJA-INFORMACION GENERAL
fixed length control field 230925s2013 AG abodd |||| 00| 0 spa d
020 ## - NUMERO INTERNACIONAL NORMALIZADO PARA LIBROS
Número Internacional Normalizado del libro 978+981651696
040 ## - FUENTE DE CATALOGACION
Agencia de catalogación original AR-BeUNQ
Agencia que realiza la transcripción AR-BeUNQ
Convenciones de la descripción aacr
082 ## - NUMERO DE CLASIFICACION DECIMAL DEWEYMBER
Número de clasificación 373.2
Número de la edición 21
245 00 - MENCION DE TITULO
Título Ciencias sociales en construcción /
Mención de responsabilidad, etc [Sandra Andrea Alvino ... [et al.]]
250 ## - MENCION DE EDICION
Mención de edición 1a ed.
260 ## - PUBLICACION, DISTRIBUCION, ETC.
Lugar de publicación, distribución, etc. Buenos Aires :
Nombre del editor, distribuidor, etc. Mandioca,
Fecha de publicación, distribución, etc 2013.
300 ## - DESCRIPCION FISICA
Extensión 270 p. :
Otros detalles físicos il. col., fotografías col., gráficos, mapas ;
Dimensiones 28 cm.
521 ## - NOTA DE AUDIENCIA
Nota de audiencia Para tercer ciclo de educación primaria y primer ciclo de educación secundaria.
650 #7 - ASIENTO SECUNDARIO DE MATERIA - TERMINO TEMATICO
Término temático o nombre geográfico como elemento de entrada Ciencias Sociales
Fuente del encabezamiento o términ spines
650 #7 - ASIENTO SECUNDARIO DE MATERIA - TERMINO TEMATICO
Término temático o nombre geográfico como elemento de entrada Historia antigüa
Fuente del encabezamiento o términ spines
650 #7 - ASIENTO SECUNDARIO DE MATERIA - TERMINO TEMATICO
Término temático o nombre geográfico como elemento de entrada Historia medieval
Fuente del encabezamiento o términ spines
650 #7 - ASIENTO SECUNDARIO DE MATERIA - TERMINO TEMATICO
Término temático o nombre geográfico como elemento de entrada Geografía
Fuente del encabezamiento o términ spines
650 #7 - ASIENTO SECUNDARIO DE MATERIA - TERMINO TEMATICO
Término temático o nombre geográfico como elemento de entrada Sociedad
Fuente del encabezamiento o términ toit
700 #7 - ASIENTO SECUNDARIO - NOMBRE DE PERSONA
Personal name Alvino, Sandra Andrea
Relator term aut.
929 ## - DATOS DE ADQUISICION
Procedencia DONACION
Proveedor Gladys Alarcón
Fecha de recibido 2018
Patrimonio UNQ PAT0080463
Es copia 1
Número de inventario 60660
942 ## - ELEMENTOS DE PUNTO DE ACCESO ADICIONAL (KOHA)
Tipo de ítem Koha Libros
Existencias
Estado de retiro Estado de pérdida Ubicación permanente Ubicación actual Ubicación en estantería Fecha de ingreso Total Checkouts Signatura topográfica completa Inventario Date last seen Número de copia Tipo de ítem Koha Operador
    Biblioteca ESET - UNQ Biblioteca ESET - UNQ CIRCULACION 25/09/2023   373.2 CIE 60660 25/09/2023 1 Libros GS

ESET UNQ

☏ 4365-7188
 Avenida República de Francia 1714 entre Doctor Kenny y Concordia, Ezpeleta, Bs As.
✉ secretaria_eset@unq.edu.ar

Con tecnología Koha